[Event "Ch Poland (team) (2nd liga)"]
[Site "masterchessopen.com Polanica Zdroj (Poland)"]
[Date "2004.09.06"]
[Round "3"]
[White "Giemza Joanna (POL)"]
[Black "Grabowska Hanna"]
[Result "1-0"]
[WhiteElo "1955"]
[BlackElo "2055"]

1.e4 c5 2.Nc3 Nc6 3.g3 g6 4.Bg2 Bg7 5.d3 e6 6.Be3 Nd4 7.Qd2 Ne7 8.Nd1 d6 9.c3
Ndc6 10.Bh6 O-O 11.h4 d5 12.h5 Ne5 13.Bxg7 Kxg7 14.hxg6 fxg6 15.Qh6+ Kf7
16.Qf4+ {#r} 1-0

[Event "It (open)"]
[Site "masterchessopen.com Dundee (Scotland)"]
[Date "2004.10.24"]
[Round "5"]
[White "Birkett Richard"]
[Black "Mitchell Martin (SCO)"]
[Result "0-1"]
[WhiteElo "1943"]
[BlackElo "2149"]

1.e4 c5 2.Nc3 Nc6 3.g3 g6 4.Bg2 Bg7 5.d3 e6 6.Be3 Nd4 7.Qd2 Ne7 8.f4 Rb8 9.Nd1
b6 10.c3 Ndc6 11.Nf3 O-O 12.d4 cxd4 13.cxd4 d5 14.e5 Ba6 15.Rc1 f6 16.b4 Rc8
17.Bh3 Qd7 18.Nb2 fxe5 19.dxe5 d4 20.Nxd4 Nxd4 21.Bxe6+ Qxe6 22.Bxd4 Rxc1+
23.Qxc1 Qd5 {#R} 0-1

[Event "Ch Wales (major)"]
[Site "masterchessopen.com Cardiff (Wales)"]
[Date "2005.03.25"]
[Round "1"]
[White "Stuart N"]
[Black "Khanna P (WLS)"]
[Result "1-0"]
[WhiteElo "1813"]
[BlackElo "2006"]

1.e4 c5 2.Nc3 Nc6 3.g3 g6 4.Bg2 Bg7 5.d3 b6 6.f4 Bb7 7.Nf3 d6 8.O-O e6 9.Be3
Nf6 10.h3 O-O 11.g4 Ne7 12.Bf2 Nd7 13.Nb5 Qb8 14.c3 f5 15.Ng5 a6 16.Na3 e5
17.Qb3+ d5 18.exd5 c4 19.dxc4 h6 20.Ne6 Rc8 21.Nxg7 Kxg7 22.fxe5 Nc5 23.Qxb6
Nd7 {#r} 1-0

[Event "It (open)"]
[Site "masterchessopen.com Salsomaggiore (Italy)"]
[Date "2005.06.20"]
[Round "1"]
[White "Tomelleri Alessio (ITA)"]
[Black "Gromovs Sergejs (ITA)"]
[Result "0-1"]
[WhiteElo "1994"]
[BlackElo "2302"]

1.e4 c5 2.Nc3 Nc6 3.g3 g6 4.Bg2 Bg7 5.d3 e6 6.Nge2 Nge7 7.O-O O-O 8.Be3 Nd4
9.Qd2 Nec6 10.Nd1 d6 11.c3 Nxe2+ 12.Qxe2 Rb8 13.Qd2 Ne5 14.f3 b5 15.Nf2 b4
16.Bh6 bxc3 17.bxc3 Bxh6 18.Qxh6 Rb2 19.Rfb1 Rc2 20.c4 Qa5 21.f4 Qd2 {#R} 0-1

[Event "Match \"]
[Site "masterchessopen.com Svilengrad (Bulgaria)"]
[Date "2005.07.21"]
[Round "2"]
[White "Bayrak Asli (TUR)"]
[Black "Shtereva Slaveja (BUL)"]
[Result "1-0"]
[WhiteElo "2032"]
[BlackElo "2097"]

1.e4 c5 2.Nc3 Nc6 3.g3 g6 4.Bg2 Bg7 5.d3 b6 6.f4 Bb7 7.Nf3 d6 8.O-O Qd7 9.Be3
Nh6 10.h3 f5 11.Qd2 O-O 12.Rae1 Nd4 13.e5 Nxf3+ 14.Bxf3 Bxf3 15.Rxf3 dxe5
16.fxe5 f4 17.Rxf4 Qxh3 18.Qg2 Qxg2+ 19.Kxg2 Nf5 20.Bf2 Nh4+ 21.Rxh4 {#r} 1-0

[Event "It (open)"]
[Site "masterchessopen.com Piestany (Slovakia)"]
[Date "2005.11.17"]
[Round "3"]
[White "Rakovsky Adam (CZE)"]
[Black "Stukner Simon (CZE)"]
[Result "1-0"]
[WhiteElo "1983"]
[BlackElo "2071"]

1.e4 c5 2.Nc3 Nc6 3.g3 g6 4.Bg2 Bg7 5.d3 e6 6.h4 h5 7.Nge2 Nge7 8.Bg5 Rb8 9.a4
a6 10.O-O d6 11.Qd2 b6 12.Rae1 Bd7 13.f4 f6 14.f5 fxg5 15.f6 Bxf6 16.Rxf6 gxh4
17.Ref1 Ne5 18.Qh6 {#r} 1-0

[Event "Ch France (juniors) (under 18) (g)"]
[Site "masterchessopen.com Aix les Bains (France)"]
[Round "3"]
[White "Point Emilie (FRA)"]
[Black "Delisle Charlotte (FRA)"]
[Result "0-1"]
[WhiteElo "1959"]
[BlackElo "1835"]

1.e4 c5 2.Nc3 Nc6 3.g3 g6 4.Bg2 Bg7 5.d3 e6 6.f4 Nge7 7.Nf3 O-O 8.O-O Rb8
9.Rb1 d6 10.g4 f5 11.g5 e5 12.Nd5 Nxd5 13.exd5 Nb4 14.c4 Nxa2 15.fxe5 Nxc1
16.e6 Na2 17.Qa4 Nb4 18.Qxa7 Qc7 19.Rfd1 Bxe6 20.Ne5 Bxe5 21.dxe6 Rfe8 22.Ra1
Bxb2 23.Ra4 Bd4+ 24.Kh1 Nc6 {#R} 0-1

[Event "Ch Spain (universities)"]
[Site "masterchessopen.com Madrid (Spain)"]
[Date "2006.05.07"]
[Round "5"]
[White "Paredes Cordo Jacobo Borja (ESP)"]
[Black "Llaneza Vega Marcos (ESP)"]
[Result "0-1"]
[WhiteElo "2214"]
[BlackElo "2381"]

1.e4 c5 2.Nc3 Nc6 3.g3 g6 4.Bg2 Bg7 5.d3 e5 6.f4 Nge7 7.Nh3 d5 8.O-O d4 9.Nb1
h6 10.f5 gxf5 11.Qh5 Qd7 12.Nd2 f4 13.gxf4 Qg4 14.Qxg4 Bxg4 15.Nc4 Rd8 16.a4
Rg8 17.f5 Bf6 18.Kh1 Nb4 19.Bxh6 Bxh3 20.Bxh3 Rh8 {#R} 0-1

[Event "Olympiad (w)"]
[Site "masterchessopen.com Turin (Italy)"]
[Date "2006.05.27"]
[Round "6"]
[White "Dedijer Sanja (BIH)"]
[Black "Jiretorn Eva (SWE)"]
[Result "0-1"]
[WhiteElo "2067"]
[BlackElo "2109"]

1.e4 c5 2.Nc3 Nc6 3.g3 g6 4.Bg2 Bg7 5.d3 e6 6.f4 Nge7 7.Nf3 O-O 8.O-O d5 9.e5
f6 10.exf6 Bxf6 11.Re1 Bd7 12.Bh3 Nf5 13.Bxf5 gxf5 14.Ng5 Nd4 15.Ne2 h6 16.c3
Nxe2+ 17.Qxe2 hxg5 18.Qh5 g4 19.Qg6+ Bg7 {#R} 0-1

[Event "Ch Germany (juniors) (under 12)"]
[Site "masterchessopen.com Willingen (Germany)"]
[Date "2006.06.04"]
[Round "3"]
[White "Stark Saskia (GER)"]
[Black "Zimmerer Leah"]
[Result "0-1"]
[WhiteElo "2001"]
[BlackElo "1291"]

1.e4 c5 2.Nc3 Nc6 3.g3 g6 4.Bg2 Bg7 5.d3 e6 6.Be3 Nge7 7.Nge2 Nd4 8.O-O O-O
9.Qd2 Rb8 10.Nd1 b6 11.c3 Nxe2+ 12.Qxe2 Ba6 13.f4 d5 14.exd5 exd5 15.Nf2 Re8
16.Qd2 d4 17.cxd4 cxd4 18.Rfe1 Nf5 19.Ng4 Nxe3 20.Bc6 Re6 {#R} 0-1

[Event "It (open)"]
[Site "masterchessopen.com La Fere (France)"]
[Date "2006.07.09"]
[Round "2"]
[White "Nicolas Christian"]
[Black "Delahaye Marc (FRA)"]
[Result "1-0"]
[WhiteElo "1850"]
[BlackElo "1635"]

1.e4 c5 2.Nc3 Nc6 3.g3 g6 4.Bg2 Bg7 5.d3 e6 6.Be3 b6 7.Qd2 Bb7 8.Nge2 Nge7
9.Bh6 O-O 10.h4 Ne5 11.h5 d5 12.Bxg7 Kxg7 13.hxg6 fxg6 14.Qh6+ Kf7 15.Qf4+ Ke8
16.Qxe5 h5 17.Nf4 Qd7 18.Qxe6 Kd8 19.Qxd7+ Kxd7 20.Bh3+ Kc6 21.exd5+ Kd6
22.Ne4+ Ke5 23.Nxg6+ {#r} 1-0

[Event "Ch Ukraine (juniors) (under 14) (1/2 final) (g)"]
[Site "masterchessopen.com Nikolaev (Ukraine)"]
[Date "2006.11.02"]
[Round "1"]
[White "Rakhmangulova Anastasiya (UKR)"]
[Black "Zabgaeva Marina (UKR)"]
[Result "1-0"]
[WhiteElo "2207"]
[BlackElo "1768"]

1.e4 c5 2.Nc3 Nc6 3.g3 g6 4.Bg2 Bg7 5.d3 e6 6.Be3 b6 7.Qd2 Nge7 8.Bh6 Rg8
9.Bxg7 Rxg7 10.Qh6 Kf8 11.Nf3 Ng8 12.Qf4 d6 13.Nb5 e5 14.Qd2 f5 15.Ng5 Qd7
16.exf5 gxf5 17.Bd5 Rg6 18.h4 Nce7 19.Bxa8 Qxb5 20.c4 Qd7 21.Nxh7+ Kg7 22.Ng5
Bb7 23.Bxb7 Qxb7 24.Ke2 {#r} 1-0

[Event "Tournament"]
[Site "masterchessopen.com Charlesbourg (Canada)"]
[Date "2007.01.29"]
[Round "4"]
[White "Chiffot Nicolas"]
[Black "Arteau Benoit"]
[Result "1-0"]
[WhiteElo "1818"]
[BlackElo "1814"]

1.e4 c5 2.Nc3 Nc6 3.g3 g6 4.Bg2 Bg7 5.d3 e6 6.Be3 b6 7.Qd2 Nge7 8.Bh6 O-O 9.h4
d5 10.h5 d4 11.hxg6 dxc3 12.gxh7+ Kh8 13.Bxg7+ Kxg7 14.Qh6+ Kh8 15.Qf6# 1-0

[Event "Memorial N.Mukhamedzianov (open)"]
[Site "masterchessopen.com Kazan (Russia)"]
[Date "2007.02.02"]
[Round "9"]
[White "Shkuro Alexandr (RUS)"]
[Black "Ospennikov Dmitry V (RUS)"]
[Result "0-1"]
[WhiteElo "2062"]
[BlackElo "2227"]

1.e4 c5 2.Nc3 Nc6 3.g3 g6 4.Bg2 Bg7 5.d3 e6 6.Nge2 d6 7.O-O Nge7 8.b3 O-O
9.Bb2 b5 10.Qc1 a6 11.Nd1 d5 12.Bxg7 Kxg7 13.exd5 exd5 14.Re1 d4 15.a4 Bb7
16.axb5 axb5 17.Rxa8 Qxa8 18.Qg5 Qa5 19.Kf1 Nf5 20.Nf4 Qd8 21.Qxd8 Rxd8
22.Bxc6 Bxc6 23.Re5 Bf3 {#R} 0-1

[Event "Tournament (Elo) (b)"]
[Site "masterchessopen.com Voronezh (Russia)"]
[Date "2007.05.07"]
[Round "6"]
[White "Kornilov Peter (RUS)"]
[Black "Manukovsky Vladimir (RUS)"]
[Result "0-1"]
[WhiteElo "2152"]
[BlackElo "2218"]

1.e4 c5 2.Nc3 Nc6 3.g3 g6 4.Bg2 Bg7 5.d3 Rb8 6.Nh3 b5 7.O-O e6 8.f4 Nge7 9.f5
exf5 10.Bg5 h6 11.Bf4 d6 12.exf5 Bxf5 13.g4 Be6 14.Ne4 Ne5 15.Nhf2 Nd5 16.Bd2
Qd7 17.Qe1 O-O 18.g5 h5 {#R} 0-1

[Event "It (open)"]
[Site "masterchessopen.com Gerlingen (Germany)"]
[Date "2007.05.20"]
[Round "7"]
[White "Gerlach Stefan (GER)"]
[Black "Schaefer Alexander (GER)"]
[Result "1-0"]
[WhiteElo "1941"]
[BlackElo "1975"]

1.e4 c5 2.Nc3 Nc6 3.g3 g6 4.Bg2 Bg7 5.d3 e6 6.f4 Nge7 7.Nf3 d5 8.O-O O-O 9.Kh1
b6 10.g4 Ba6 11.f5 dxe4 12.Nh4 Nd5 13.Nxe4 exf5 14.gxf5 Ne5 15.f6 Bh8 16.Qe1
Qc7 17.Qg3 Rac8 18.Nf5 Bxf6 19.c4 Nxc4 20.Nxf6+ Nxf6 21.Nh6+ Kg7 22.Qg5 Qe5
23.dxc4 {#r} 1-0

[Event "It (open)"]
[Site "masterchessopen.com Montreal (Canada)"]
[Date "2007.07.20"]
[Round "1"]
[White "Morin Yves (CAN)"]
[Black "Likavsky Tomas (SVK)"]
[Result "0-1"]
[WhiteElo "2214"]
[BlackElo "2496"]

1.e4 c5 2.Nc3 Nc6 3.g3 g6 4.Bg2 Bg7 5.d3 Rb8 6.Nge2 b5 7.O-O b4 8.Nd5 e6 9.Ne3
Nge7 10.f4 d5 11.f5 exf5 12.exf5 Bxf5 13.Nxf5 Nxf5 14.Rxf5 gxf5 15.Nf4 Ne7
16.Qf3 O-O 17.Nxd5 Nxd5 18.Qxd5 Qxd5 19.Bxd5 Rbe8 20.Kf1 Re5 21.Bc6 Rc8 22.Bb5
Rb8 23.Bc6 Rb6 24.Bf3 Bh6 {#R} 0-1

[Event "It (open)"]
[Site "masterchessopen.com Tibor (Czech Republic)"]
[Date "2007.07.30"]
[Round "2"]
[White "Koubek Vaclav Sr (CZE)"]
[Black "Rerabek Jaroslav (CZE)"]
[Result "1-0"]
[WhiteElo "2105"]
[BlackElo "1732"]

1.e4 c5 2.Nc3 Nc6 3.g3 g6 4.Bg2 Bg7 5.d3 e6 6.Be3 b6 7.Qd2 Nge7 8.Bh6 O-O 9.h4
d5 10.h5 dxe4 11.Bxg7 Kxg7 12.hxg6 fxg6 13.Qh6+ Kf7 14.Qxh7+ Ke8 15.Bxe4 Kd7
16.Nf3 Bb7 17.O-O-O Rh8 18.Qxh8 Qxh8 19.Rxh8 Rxh8 20.d4 cxd4 21.Nxd4 Nxd4
22.Bxb7 Kc7 23.Rxd4 {#r} 1-0

[Event "It (open)"]
[Site "masterchessopen.com Schwarzach (Austria)"]
[Date "2007.08.22"]
[Round "5"]
[White "Rieling Thomas (GER)"]
[Black "Azad Razik (AUT)"]
[Result "1-0"]
[WhiteElo "2183"]
[BlackElo "2037"]

1.e4 c5 2.Nc3 Nc6 3.g3 g6 4.Bg2 Bg7 5.d3 e5 6.Nd5 Nge7 7.Bg5 O-O 8.Qd2 f6
9.Bh6 Bxh6 10.Nxe7+ Qxe7 11.Qxh6 c4 12.c3 b5 13.Qd2 Qd6 14.Rd1 Qxd3 15.Qc1 Nb4
16.cxb4 {#r} 1-0

[Event "Ch Madrid (B)"]
[Site "masterchessopen.com Madrid (Spain)"]
[Date "2007.11.03"]
[Round "2"]
[White "Perez Martinez Jose Manuel (ESP)"]
[Black "Valderrama Arroyo Victor (ESP)"]
[Result "1-0"]
[WhiteElo "1982"]
[BlackElo "1891"]

1.e4 c5 2.Nc3 Nc6 3.g3 g6 4.Bg2 Bg7 5.d3 e6 6.Nge2 Nge7 7.Nf4 O-O 8.O-O a6
9.a4 b6 10.Bd2 Bb7 11.Qc1 Nd4 12.Nfe2 d5 13.Re1 Nxe2+ 14.Nxe2 dxe4 15.dxe4 Nc6
16.Be3 Na5 17.Bh6 Qf6 18.Rb1 Bxh6 19.Qxh6 e5 20.Nc3 Rad8 21.Nd5 Bxd5 22.exd5
Nc4 23.b3 Nd2 24.Qxd2 {#r} 1-0

[Event "Memorial I.Ijevlev"]
[Site "masterchessopen.com Lagan (Russia)"]
[Round "2"]
[White "Sangadzhi-Goriaev Sanal (RUS)"]
[Black "Petukhov Vladimir (RUS)"]
[Result "1-0"]
[WhiteElo "1662"]
[BlackElo "1724"]

1.e4 c5 2.Nc3 Nc6 3.g3 g6 4.Bg2 Bg7 5.d3 e6 6.Be3 Nd4 7.Nce2 Qb6 8.c3 Nxe2
9.Qxe2 Ne7 10.Nf3 d5 11.e5 Nf5 12.Bf4 d4 13.O-O h6 14.h4 Bd7 15.Nd2 Qxb2
16.Qd1 Qxc3 17.Nc4 Qb4 18.a4 Bxa4 19.Rxa4 Qb5 20.g4 Bf8 21.gxf5 gxf5 22.Ra5
Qd7 23.Qb3 {#r} 1-0

[Event "Ch Europe (active)"]
[Site "masterchessopen.com Warsaw (Poland)"]
[Date "2007.12.15"]
[Round "1"]
[White "Kowara Magdalena (POL)"]
[Black "Zinchenko Yaroslav (UKR)"]
[Result "0-1"]
[WhiteElo "1797"]
[BlackElo "2491"]

1.e4 c5 2.Nc3 Nc6 3.g3 g6 4.Bg2 Bg7 5.d3 Rb8 6.f4 b5 7.Nf3 b4 8.Ne2 e6 9.O-O
Nge7 10.c3 bxc3 11.bxc3 O-O 12.Be3 Qa5 13.Qc2 d5 14.e5 Ba6 15.Nd2 Qb5 16.c4
dxc4 17.Nxc4 Nb4 18.Qd2 Nf5 19.Bf2 Rfd8 20.Be4 Qxc4 21.Rfc1 Qxe4 22.Bxc5 Nxd3
{#R} 0-1

[Event "It (open)"]
[Site "masterchessopen.com L'Hospitalet de Llobregat (Spain)"]
[Date "2008.01.03"]
[Round "7"]
[White "Garcia Jimenez Fransisco J (ESP)"]
[Black "Perpinya Rofes Lluis Maria (ESP)"]
[Result "0-1"]
[WhiteElo "2220"]
[BlackElo "2380"]

1.e4 c5 2.Nc3 Nc6 3.g3 g6 4.Bg2 Bg7 5.d3 Rb8 6.Be3 b5 7.Bxc5 b4 8.Nce2 Qa5
9.d4 d6 10.e5 Qc7 11.exd6 exd6 12.Bxc6+ Qxc6 13.Bxa7 Rb5 14.Qd3 Ne7 15.c4 bxc3
16.bxc3 Bf5 {#R} 0-1

[Event "Tournament (open) \"]
[Site "masterchessopen.com Uljanovsk (Russia)"]
[Date "2008.02.03"]
[Round "4"]
[White "Zhdanovich Tatiana (RUS)"]
[Black "Mikeev Valery (RUS)"]
[Result "0-1"]
[WhiteElo "1785"]
[BlackElo "1896"]

1.e4 c5 2.Nc3 Nc6 3.g3 g6 4.Bg2 Bg7 5.d3 b6 6.Nge2 Bb7 7.Be3 Nd4 8.O-O e6
9.Bxd4 cxd4 10.Nb5 d6 11.Nexd4 Ne7 12.c3 O-O 13.Rc1 Rc8 14.Bh3 Bxd4 15.Nxd4
Qd7 16.Qb3 d5 17.Qb5 {#R} 0-1

[Event "Ch Poland (juniors) (under 16) (g)"]
[Site "masterchessopen.com Leba (Poland)"]
[Date "2008.04.03"]
[Round "8"]
[White "Jaworska Aleksandra (POL)"]
[Black "Siergiej Izabela (POL)"]
[Result "0-1"]
[WhiteElo "1638"]
[BlackElo "1719"]

1.e4 c5 2.Nc3 Nc6 3.g3 g6 4.Bg2 Bg7 5.d3 e6 6.f4 Nge7 7.Nf3 O-O 8.O-O d5 9.Ne2
Rb8 10.exd5 exd5 11.d4 cxd4 12.Nfxd4 Qb6 13.c3 Bg4 14.Kh1 Nxd4 15.cxd4 Nf5
16.Bxd5 Nxd4 17.Be3 Bxe2 18.Qxe2 Nxe2 19.Bxb6 axb6 20.Rfe1 Nd4 {#R} 0-1

[Event "Ch City (open)"]
[Site "masterchessopen.com Frankfurt (Germany)"]
[Date "2008.05.19"]
[Round "3"]
[White "Noble Alexander (GER)"]
[Black "Uwira Oliver (GER)"]
[Result "0-1"]
[WhiteElo "2030"]
[BlackElo "2302"]

1.e4 c5 2.Nc3 Nc6 3.g3 g6 4.Bg2 Bg7 5.d3 e6 6.Nge2 Nge7 7.Be3 Nd4 8.O-O O-O
9.Rb1 d6 10.b4 Nec6 11.a3 Rb8 12.Qd2 b6 13.Nf4 Bb7 14.Nd1 Ne5 15.Bxd4 cxd4
16.c4 dxc3 17.Nxc3 Rc8 18.Nd1 Qd7 19.Ne3 Ba6 20.Rfc1 Bh6 21.d4 Nc4 22.Nxc4
Bxc4 23.Bf1 Bxf1 24.Kxf1 Qb5+ {#R} 0-1

[Event "It (open) (b)"]
[Site "masterchessopen.com Brno (Czech Republic)"]
[Date "2008.07.01"]
[Round "3"]
[White "Romanak Jan"]
[Black "Schlotter Florence"]
[Result "1-0"]
[WhiteElo "1608"]
[BlackElo "1370"]

1.e4 c5 2.Nc3 Nc6 3.g3 g6 4.Bg2 Bg7 5.d3 Nf6 6.Be3 b6 7.f4 e6 8.Qc1 O-O 9.Nf3
d6 10.O-O Ng4 11.Bd2 Bb7 12.h3 Nf6 13.Nh4 Nd4 14.f5 d5 15.Kh2 Rc8 16.g4 Nxg4+
17.hxg4 Qxh4+ 18.Bh3 dxe4 19.Bg5 {#r} 1-0

[Event "It (open)"]
[Site "masterchessopen.com Ourense (Spain)"]
[Date "2008.07.03"]
[Round "1"]
[White "Gomez Dominguez Breixo (ESP)"]
[Black "Petkov Vladimir (BUL)"]
[Result "0-1"]
[WhiteElo "1872"]
[BlackElo "2484"]

1.e4 c5 2.Nc3 Nc6 3.g3 g6 4.Bg2 Bg7 5.d3 Rb8 6.Be3 Nd4 7.f4 b5 8.Qd2 b4 9.Nd1
d6 10.c3 Nc6 11.Nf3 Nf6 12.h3 O-O 13.O-O bxc3 14.bxc3 Ba6 15.Re1 Qa5 16.f5 c4
17.Nf2 cxd3 18.Bh6 Bxh6 19.Qxh6 Rb2 20.Ng4 Nxg4 21.hxg4 Qxc3 22.e5 Qc2 23.Nh4
Nxe5 {#R} 0-1

[Event "It (open)"]
[Site "masterchessopen.com Ourense (Spain)"]
[Date "2008.07.05"]
[Round "3"]
[White "Gomez Dominguez Xavier (ESP)"]
[Black "Arbulu Gallastegi Arkaitz (ESP)"]
[Result "1-0"]
[WhiteElo "1985"]
[BlackElo "1515"]

1.e4 c5 2.Nc3 Nc6 3.g3 g6 4.Bg2 Bg7 5.d3 e6 6.Be3 b6 7.f4 Nge7 8.Nf3 O-O 9.O-O
Bb7 10.g4 d5 11.Bf2 Nd4 12.e5 Nxf3+ 13.Qxf3 Bc6 14.Qh3 Qc7 15.Bh4 f6 16.exf6
Bxf6 17.Rae1 Bd4+ 18.Kh1 e5 19.Bxe7 Qxe7 20.Nxd5 Bxd5 21.Bxd5+ Kh8 22.Bxa8
Rxa8 23.c3 {#r} 1-0

[Event "Memorial Kochan (open)"]
[Site "masterchessopen.com Koszalin (Poland)"]
[Date "2008.08.06"]
[Round "3"]
[White "Wozniak Marcin (POL)"]
[Black "Gabryjalowicz Jakub (POL)"]
[Result "1-0"]
[WhiteElo "1900"]
[BlackElo "1813"]

1.e4 c5 2.Nc3 Nc6 3.g3 g6 4.Bg2 Bg7 5.d3 e6 6.Be3 Qa5 7.Ne2 Nge7 8.f4 b5 9.e5
b4 10.Ne4 b3+ 11.c3 bxa2 12.Bxc5 Rb8 13.b4 Qa6 14.b5 Rxb5 15.Nd6+ Kf8 16.Nxb5
Qxb5 17.Ba3 Ba6 18.Rxa2 Qxd3 19.Qxd3 Bxd3 20.Bxc6 dxc6 {#r} 1-0

[Event "It (open)"]
[Site "masterchessopen.com Crema (Italy)"]
[Date "2008.09.07"]
[Round "6"]
[White "Mandotti Marco"]
[Black "Maddaloni Giovanni (ITA)"]
[Result "0-1"]
[WhiteElo "1386"]
[BlackElo "1841"]

1.e4 c5 2.Nc3 Nc6 3.g3 g6 4.Bg2 Bg7 5.d3 Rb8 6.Nh3 b5 7.O-O c4 8.Ne2 d6 9.Bd2
Bxb2 10.Rb1 Bg7 11.c3 a5 12.Nhf4 Nf6 13.d4 Bd7 14.Qc2 O-O 15.Rb2 e5 16.d5 exf4
17.dxc6 Bxc6 18.Bxf4 Nh5 19.Bc1 Qd7 20.Rd1 b4 {#R} 0-1

[Event "Ch Mittelfranken (team) 2008/09"]
[Site "masterchessopen.com Germany"]
[Date "2009.01.25"]
[Round "5"]
[White "Ruderer Thomas"]
[Black "Schoenberger Andreas"]
[Result "1-0"]
[WhiteElo "1734"]
[BlackElo "1884"]

1.e4 c5 2.Nc3 Nc6 3.g3 g6 4.Bg2 Bg7 5.d3 e6 6.Nge2 Nge7 7.O-O O-O 8.Be3 Qa5
9.Qd2 f5 10.Bh6 fxe4 11.Bxg7 Kxg7 12.dxe4 d5 13.exd5 exd5 14.Bxd5 Rd8 15.Rfd1
Bf5 16.Nf4 Nd4 17.Qe3 Nxd5 18.Ncxd5 Re8 19.Ne7 Kf7 20.Nfd5 Nxc2 21.Qg5 Qa6
22.Nxf5 Nxa1 23.Nc7 Qf6 24.Rd7+ {#r} 1-0

[Event "Ch Czech Republic (juniors) (under 16) (g)"]
[Site "masterchessopen.com Kouty nad Desnou (Czech Republic)"]
[Date "2009.03.07"]
[Round "1"]
[White "Vicarova Veronika"]
[Black "Langnerova Karolina (CZE)"]
[Result "0-1"]
[WhiteElo "1432"]
[BlackElo "1836"]

1.e4 c5 2.Nc3 Nc6 3.g3 g6 4.Bg2 Bg7 5.d3 e6 6.Be3 Nd4 7.Qd2 Qa5 8.f4 Ne7 9.Nf3
Nec6 10.e5 O-O 11.Qf2 d6 12.O-O dxe5 13.fxe5 Nxe5 14.Nxd4 cxd4 15.Bxd4 Ng4
16.Qf4 e5 17.Qg5 h6 18.Qe7 exd4 19.Nd5 Bf5 20.b4 Qd8 21.Qxb7 Rb8 22.Qxa7 Ne3
23.Nxe3 dxe3 24.Qxe3 Bd4 {#R} 0-1

[Event "Memorial Voroniatov (open)"]
[Site "masterchessopen.com Nizhnij Novgorod (Russia)"]
[Round "0"]
[White "Paley Alexander (RUS)"]
[Black "Vorobiov Alexey (RUS)"]
[Result "1-0"]
[WhiteElo "2067"]
[BlackElo "2017"]

1.e4 c5 2.Nc3 Nc6 3.g3 g6 4.Bg2 Bg7 5.d3 e6 6.Be3 b6 7.Nge2 Nge7 8.Qd2 Bb7
9.Bh6 O-O 10.h4 d5 11.h5 d4 12.Bxg7 Kxg7 13.hxg6 {#r} 1-0

[Event "It (open)"]
[Site "masterchessopen.com Frome (England)"]
[Date "2009.05.09"]
[Round "3"]
[White "Helbig Paul (ENG)"]
[Black "Deacon David J"]
[Result "1-0"]
[WhiteElo "2172"]
[BlackElo "1736"]

1.e4 c5 2.Nc3 Nc6 3.g3 g6 4.Bg2 Bg7 5.d3 e5 6.Nh3 Nge7 7.O-O O-O 8.f4 d6 9.f5
f6 10.g4 g5 11.Nf2 a6 12.Nd5 b5 13.a3 Bb7 14.b4 cxb4 15.axb4 Nxd5 16.exd5 Ne7
17.c4 Nc8 18.Qb3 Rf7 19.c5 dxc5 20.bxc5 {#r} 1-0

[Event "Tournament (Elo)"]
[Site "masterchessopen.com Stockholm (Sweden)"]
[Date "2009.05.21"]
[Round "2"]
[White "Helin Mikael (SWE)"]
[Black "Dufour Jacques (FRA)"]
[Result "1-0"]
[WhiteElo "1973"]
[BlackElo "1824"]

1.e4 c5 2.Nc3 Nc6 3.g3 g6 4.Bg2 Bg7 5.d3 Nf6 6.h3 d6 7.Nge2 Rb8 8.f4 Bd7 9.O-O
O-O 10.g4 b5 11.g5 Ne8 12.f5 b4 13.Nd5 Nd4 14.f6 exf6 15.gxf6 Bxf6 16.Nxf6+
Kg7 17.Nxd4 cxd4 18.Bg5 Qc7 19.Qd2 {#r} 1-0

[Event "It (open)"]
[Site "masterchessopen.com Anapa (Russia)"]
[Date "2009.09.01"]
[Round "2"]
[White "Kuritsin Vasily M (RUS)"]
[Black "Purygin Andrei (RUS)"]
[Result "0-1"]
[WhiteElo "2070"]
[BlackElo "2256"]

1.e4 c5 2.Nc3 Nc6 3.g3 g6 4.Bg2 Bg7 5.d3 e6 6.Be3 Nd4 7.Qd2 Nf6 8.h3 O-O 9.Nd1
d5 10.c3 Nc6 11.Bxc5 Re8 12.Be3 b6 13.f4 e5 14.fxe5 Nxe5 15.Nf2 Ba6 16.O-O-O
dxe4 17.dxe4 Qc7 18.Bf4 {#R} 0-1

[Event "It \"]
[Site "masterchessopen.com Ourense (Spain)"]
[Date "2009.09.26"]
[Round "1"]
[White "Piay Garcia Alba (ESP)"]
[Black "Van Wely Loek (NED)"]
[Result "0-1"]
[WhiteElo "1929"]
[BlackElo "2655"]

1.e4 c5 2.Nc3 Nc6 3.g3 g6 4.Bg2 Bg7 5.d3 e5 6.Nge2 Nge7 7.O-O O-O 8.Be3 d6
9.h3 b6 10.Qd2 Be6 11.f4 Qd7 12.g4 exf4 13.Nxf4 Nd4 14.Nd1 Rac8 15.c3 Ndc6
16.d4 Bc4 17.Re1 Rfd8 18.Bf2 Ba6 19.Rc1 h6 20.a3 Na5 21.Qe2 Bxe2 {#R} 0-1

[Event "Tournament (students)"]
[Site "masterchessopen.com Vitoria (Brazil)"]
[Date "2009.11.28"]
[Round "2"]
[White "Vieira Paulo Cesar (BRA)"]
[Black "Schmidt Osmar Raulino (BRA)"]
[Result "1-0"]
[WhiteElo "2005"]
[BlackElo "1855"]

1.e4 c5 2.Nc3 Nc6 3.g3 g6 4.Bg2 Bg7 5.d3 e6 6.f4 Nge7 7.Nf3 d5 8.e5 b5 9.O-O
b4 10.Nb5 O-O 11.Nd6 Ba6 12.Be3 d4 13.Bf2 Rb8 14.Qe2 Bb7 15.Nd2 Qd7 16.N2e4
Ba8 17.Nxc5 Qd8 18.g4 Rb5 {#r} 1-0

[Event "It (open)"]
[Site "masterchessopen.com Marseilles (France)"]
[Date "2009.12.26"]
[Round "1"]
[White "Noireaut Hung (FRA)"]
[Black "Riff Jean-Noel (FRA)"]
[Result "0-1"]
[WhiteElo "1746"]
[BlackElo "2505"]

1.e4 c5 2.Nc3 Nc6 3.g3 g6 4.Bg2 Bg7 5.d3 Rb8 6.Be3 b5 7.Bxc5 b4 8.Nce2 Bxb2
9.Rb1 Bg7 10.c3 bxc3 11.Rxb8 Nxb8 12.Qb3 Nc6 13.Nxc3 Qa5 14.d4 Nxd4 15.Bxd4
Bxd4 16.Ne2 Bg7 17.O-O Nf6 18.Nb5 O-O 19.e5 Ng4 20.f4 Ba6 21.Ned4 Qb6 22.Rd1
d6 23.h3 dxe5 24.fxe5 Bxe5 {#R} 0-1